| 000 | 00496nam a2200133Ia 4500 | ||
|---|---|---|---|
| 008 | 160809s9999 xx 000 0 und d | ||
| 100 | _aYeom, Hyun-E. | ||
| 245 | _aInfluence of Illness Representations on Self-Management Behaviors in Korean Hypertensive Patients | ||
| 245 | _cHyun-E Yeom. | ||
| 260 | _bJournal of Nursing and Care | ||
| 260 | _cFebruary 2016 | ||
| 650 | _xNURSING | ||
| 856 | _uhttp://www.omicsgroup.org/journals/ArchiveJNC/jnc-archive.php?journal=jnc&month=February&year=2023 | ||
| 999 |
_c300156 _d300156 |
||